000
00327 a2200145 4500
001
154153
040
_c
Escola São Tomás de Aquino
100
_a
MURRAY, Roseana
240
1
0
_a
Exercícios de amor
_l
por
245
1
0
_a
Exercícios de amor
300
_a
91
362
0
_a
2014
697
_a
LITERATURA BRASILEIRA
942
_c
BK
999
_c
154153
_d
154153